000 00305nam a22001337a 4500
008 181019b xxu||||| |||| 00| 0 eng d
020 _a9780415957618
041 _aeng
080 _a370
100 _a47
101 _aEDU
245 _aTeaching Language English Learners
_cCruz.B.C
942 _2udc
_cBK
999 _c50173
_d50173